| 000 | 00602nam a22002057a 4500 | ||
|---|---|---|---|
| 005 | 20230606073939.0 | ||
| 008 | 230109b |||||||| |||| 00| 0 eng d | ||
| 020 | _a978-1-68094-722-9 | ||
| 082 | _a363.34 T531 2018 | ||
| 110 |
_a3G Elearning _eauthor |
||
| 245 |
_aDisaster readiness and risk reduction / _c3G Elearning |
||
| 250 | _a2nd ed. | ||
| 260 |
_aNew York: _b3G Elearning, _cc2018. |
||
| 300 |
_aviii, 260p.; _bcol. ill.; w/ DVD |
||
| 504 | _aIncludes index and references | ||
| 541 | _e6328 | ||
| 650 | _aDisaster relief | ||
| 650 | _aEmergency management | ||
| 650 | _aNatural disaster | ||
| 999 |
_c484 _d484 |
||